| 000 | 00723cam a2200253 4500500 | ||
|---|---|---|---|
| 005 | 20260329005028.0 | ||
| 041 | _afre | ||
| 042 | _adc | ||
| 100 | 1 | 0 |
_aEnjalbert, Cédric _eauthor |
| 245 | 0 | 0 | _aIdentité réfractaire |
| 260 | _c2022. | ||
| 500 | _a4 | ||
| 690 | _aAlain Finkielkraut | ||
| 690 | _aÉric Zemmour | ||
| 690 | _aGlobalisation | ||
| 690 | _aIdentité | ||
| 690 | _aJérôme Fourquet | ||
| 690 | _aKwame Anthony Appiah | ||
| 690 | _aNationalisme | ||
| 690 | _aNostalgie | ||
| 690 | _aPassé | ||
| 786 | 0 | _nPhilosophie magazine | 156 | 2 | 2022-02-01 | p. 23-24 | 1951-1787 | |
| 856 | 4 | 1 | _uhttps://shs.cairn.info/magazine-philosophie-magazine-2022-2-page-23?lang=fr&redirect-ssocas=7080 |
| 999 |
_c1839614 _d1839614 |
||